000 00586nam a2200241 a 4500
001 nice12345678
003 IN_TiNIC
005 20260116011527.0
008 050524s1932 ista grs 000 0 trg
020 _a
_c100
082 0 0 _a220.9505
_bBUN2
100 _aBunyan, John
245 _aHacc Yolunda. Pilgrim`s Progress, Turkish
260 _aIstanbul
_bSelamet Matbaasi.
_c1932
300 _a461p
500 _aincludes index and biblioraphy
505 2 _aTurkish
650 _aBible Stories
700 1 _aBunyan, John
902 _bSRS
942 _cPS
999 _c2320
_d2320